000 00715nam a2200181Ia 4500
008 100920s9999 xx 000 0 und d
082 _b67587
_a891.464 थ 95
100 _aसंकलन-घोरपडे आनंद.
245 _aप्रतिभावंताचे विनोदी किस्से.
260 _bरोहन प्रकाशन, मुंबई 64.
_c1995
300 _a64
_bसाधी
365 _b30
520 _aनिबंध.
630 _aप्रतिभावंताचे विनोदी किस्से.
650 _aनिबंध.
730 _aप्रतिभावंताचे विनोदी किस्से.
942 _cBOOK
999 _c710031
_d710028